000 00639nam a2200205Ia 4500
001 14993
003 GE_BSU
008 181216s||||||||xx |||||||||||||| ||und||
040 _cGE_BSU
080 _a515.12
100 _aБурбаки,Н.
245 _aТопологические векторные пространства
245 _cПер. с франц. Д.А.Райкова
260 _aМосква
260 _bИзд-во Иностранной литературы
260 _c1959
300 _a410стр.23см.
653 _aТопологические векторные пространства
942 _cBK
999 _c48112
_d48112